00634nam a2200229 a 4500001001300000003000900013005001700022008004100039020001000080082001500090100002100105245003000126260003700156300000900193500003500202650002300237700002100260902000800281942000700289952009500296999001300391nice12345678IN_TiNIC20260116011338.0070620s1883 newa grp 000 0 eng  ac50000a220.3bROB aRobinson, Edward aGreek and English Lexicon aNew York bHarper and Row c1883 a803p aincludes index and biblioraphy aBible-Dictionaries1 aRobinson, Edward bRBA cBK 00104070aHMIbHMId2007-06-20g500.00l0o220.3 ROBp1713r2007-06-20w2026-01-16yARB c708d708